<?xml version="1.0" encoding="UTF-8"?>
<marc:record xmlns:marc="http://www.loc.gov/MARC21/slim">
   <marc:leader>00000nam a2200000 a 4500</marc:leader>
   <marc:datafield ind1="0" ind2="0" tag="245">
      <marc:subfield code="a">Pocahontas 2</marc:subfield>
   </marc:datafield>
   <marc:datafield ind1="0" ind2="0" tag="245">
      <marc:subfield code="b">Reise in eine neue Welt</marc:subfield>
   </marc:datafield>
   <marc:datafield ind1="0" ind2="0" tag="245">
      <marc:subfield code="c">Regie: Tom Ellery, Bradley Raymond</marc:subfield>
   </marc:datafield>
   <marc:datafield ind1=" " ind2="1" tag="264">
      <marc:subfield code="b">Walt Disney Pictures</marc:subfield>
      <marc:subfield code="c">26</marc:subfield>
   </marc:datafield>
   <marc:datafield ind1="1" ind2=" " tag="490">
      <marc:subfield code="a">Pocahontas</marc:subfield>
      <marc:subfield code="v">2</marc:subfield>
   </marc:datafield>
   <marc:datafield ind1="1" ind2=" " tag="520">
      <marc:subfield code="a">Pocahontas und ihre lustigen Freunde Meeko, Percy und Flit segeln gemeinsam mit dem englischen Botschafter John Rolfe ihrem größten Abenteuer entgegen. Begleitet vom Bodyguard Uti, erleben sie eine turbulente Reise und haben jede Menge Spaß im aufregenden England des 17. Jahrhunderts. Mit Hilfe des charmanten John Rolfe versucht Pocahontas, den hinterhältigen Intrigen des Schurken Ratcliff zu entgehen und als Botschafterin ihres Volkes zwischen zwei fremden Welten zu vermitteln. Als die tapfere Indianerin mit der Zeit Gefühle für John Rolfe entwickelt, muss sie sich zwischen ihm und ihrer alten Liebe John Smith entscheiden. Eine schwierige Wahl, doch Pocahontas hört einfach auf die Stimme ihres Herzens...</marc:subfield>
   </marc:datafield>
   <marc:datafield ind1="3" ind2=" " tag="024">
      <marc:subfield code="a">8717418511814</marc:subfield>
   </marc:datafield>
   <marc:datafield ind1=" " ind2=" " tag="041">
      <marc:subfield code="a">ger</marc:subfield>
   </marc:datafield>
   <marc:datafield ind1=" " ind2=" " tag="300">
      <marc:subfield code="a">1 DVD ; 70 min</marc:subfield>
   </marc:datafield>
</marc:record>
